AH International Schools' Libraries

Fracture / (Record no. 47951)

MARC details
000 -LEADER
fixed length control field 00621nam a2200133 4500
020 ## - INTERNATIONAL STANDARD BOOK NUMBER
International Standard Book Number 9780802734310
100 ## - MAIN ENTRY--PERSONAL NAME
Personal name Miranda, Megan.
9 (RLIN) 85754
245 ## - TITLE STATEMENT
Title Fracture /
Statement of responsibility, etc Megan Miranda.
260 ## - PUBLICATION, DISTRIBUTION, ETC. (IMPRINT)
Place of publication, distribution, etc New York:
Name of publisher, distributor, etc Walker Books;
Date of publication, distribution, etc 2013.
300 ## - PHYSICAL DESCRIPTION
Extent 264 p.
Dimensions 21 cm.
520 ## - SUMMARY, ETC.
Summary, etc After falling through the ice of a frozen lake and being resuscitated by her best friend Decker, seventeen-year-old Delaney begins experiencing a strange affinity for the dead and wonders whether she is predicting death or causing it.<br/>
650 ## - SUBJECT ADDED ENTRY--TOPICAL TERM
Topical term or geographic name as entry element Supernatural. Interpersonal relations. Good and evil.
Form subdivision Fiction.
9 (RLIN) 85755
942 ## - ADDED ENTRY ELEMENTS (KOHA)
Source of classification or shelving scheme
Koha item type YA FIC BOOKS
Holdings
Withdrawn status Lost status Source of classification or shelving scheme Damaged status Not for loan Collection code Home library Current library Date acquired Total Checkouts Full call number Barcode Date last seen Date checked out Price effective from Koha item type
          SECONDARY Asian Hope Secondary Library Asian Hope Secondary Library 11/26/2024 3 YA FIC MIR 206672 02/24/2026 02/03/2026 11/26/2024 YA FIC BOOKS

For any Logos Library related questions please contact Miss Art at swongnarasuk@asianhope.org.

For any Asian Hope Library related questions please contact Miss Raza at graza@asianhope.org.

Powered by Koha